000 00602nam a2200193 a 4500
005 20231013063558.0
008 991125 mx 000 0 spa u
035 _aUPN01000018932
049 _aLT
050 4 _aLB1583 M6
_bT6.3 1905
100 1 _aTorre, Juan de la
245 1 0 _aElementos de geografía universal /
_cJuan de la Torre
260 _aMéxico :
_bImpr. del Siglo Diez y Nueve
300 _a128 p.
500 _a"Para uso de las escuelas primarias de la República Mexicana"
650 4 _aGeografía
_xEstudio y enseñanza (Elemental)
_92801
904 _aAC
_b018933
905 _aLibro
999 _c18932
_d18932